| 000 | 00353nam a22001457a 4500 | ||
|---|---|---|---|
| 020 | _a8177582380 | ||
| 082 | _a621.4021 | ||
| 100 | _aEastop, T.D. | ||
| 245 | _aApplied Thermodynamics for Engineering Technologists | ||
| 250 | _a5th ed. | ||
| 260 |
_aNew Delhi : _bPearson, _c1993. |
||
| 300 |
_a735 p. ; _b24 cm. |
||
| 500 | _aPaperback. | ||
| 942 | _cBK | ||
| 999 |
_c34165 _d34165 |
||